Toutes les musiques Maximum Beats de GIMS - Statistiques

Statistiques générales
  • Ce quiz a été pris 52 fois
    25 depuis la dernière actualisation
  • Le résultat moyen est 10 sur 24
Statistiques - réponses
Année Musique % Correct
2024 Spider
91%
2024 Ciel
86%
2025 Parisienne
82%
2025 Ninao
77%
2024 Sois pas timide
68%
2025 Appelle ta copine
59%
2025 Air Force Blanche
50%
2025 Bloqué
50%
2025 Tu me rends bête
50%
2025 Baby
41%
2025 Diana
41%
2024 Loco
36%
2025 Piano
36%
2024 Ohma Tokita
32%
2025 Contact
27%
2025 Touché
27%
2025 Garantie
23%
2025 Sentimental
23%
2024 Terminal 2F
23%
2025 Comète
18%
2025 Do you love me
14%
2024 Vent du Nord
14%
2024 Carbo
9%
2023 Saint Tropez
9%
Aucun quiz correspondant
Distribution des résultats
% des personnes avec chaque résultat
Percentile par nombre de réponses
Votre historique - résultats
Vous n’avez pas pris ce quiz depuis la dernière actualisation